| 000 | 00890nam a22002297a 4500 | ||
|---|---|---|---|
| 005 | 20240530110540.0 | ||
| 008 | 160508s2014 su g b 000 0 ara d | ||
| 017 |
_81434/9232 _aلسعودية . مكتبة الملك فهد الوطنية |
||
| 020 | _a9786038139202 | ||
| 040 | _aEG-CaGPL | ||
| 082 | 0 | 4 |
_221 _a155.23\ _bن ع |
| 100 | 0 | _aناصر سيد جمعة | |
| 245 | 1 | 0 |
_aعلم نفسالشخصية : _bمفهومها و نموها - قياسها - نظرياتها - اضراباتها و انماطها / _cناصر سيد جمعة |
| 250 | _aط1 | ||
| 260 |
_aالرياض : _bدار الزهراء ، _c2014 . |
||
| 300 |
_a656 ص ؛ _c24 سم . |
||
| 504 | _aيشتمل على ارجاعات ببليوجرافية | ||
| 650 | 0 | 4 | _aالشخصية |
| 650 | 0 | 4 | _aعلم النفس الشخصانى |
| 942 |
_2ddc _cBK |
||
| 999 |
_c62247 _d62247 |
||